000
00339nam a2200145Ia 4500
003
OSt
005
20240118115237.0
008
170523s9999 xx 000 0 und d
020
_a
9788131716830
040
_c
IIMT ENGINEERING COLLGE
100
_a
KOTLER
245
0
_a
MARKETING MANAGEMENT
260
_b
TATA MC GRAW HILL
942
_2
ddc
_c
02
999
_c
1816
_d
1816